[Event "XV C.to Europeo femminile"]
[Site "Plovdiv BUL"]
[Date "2014.07.16"]
[Round "10"]
[White "Zimina, Olga"]
[Black "Abdulla, Khayala Mardan Qizi"]
[WhiteElo "2351"]
[BlackElo "2233"]
[Result "0-1"]
[PlyCount "124"]
[EventDate "2014.07.06"]

1. Nf3 Nf6 2. c4 e6 3. g3 d5 4. Bg2 dxc4 5. Qa4+ c6 6. Qxc4 b5 7. Qb3 Bb7 8.
O-O a6 9. a4 c5 10. Na3 Bd5 11. Qc2 Nc6 12. d3 Bxf3 13. Bxf3 Nd4 14. Bxa8 Nxc2
15. Bc6+ Nd7 16. Nxc2 b4 17. Ne3 Qc7 18. Bg2 Be7 19. Nc4 O-O 20. Be3 Nf6 21.
Bf4 Qd8 22. Ne5 Nd5 23. Nc6 Qe8 24. Nxe7+ Qxe7 25. Bd2 f5 26. Rac1 f4 27. b3
Qd6 28. Rc4 Qe5 29. Re4 Qb2 30. Bh3 Nc3 31. Bxe6+ Kh8 32. Bxc3 bxc3 33. Bg4
fxg3 34. hxg3 Qxb3 35. Rc4 Qa3 36. Rb1 Qb2 37. Rf1 h5 38. Bxh5 Rf5 39. Bg4 Rg5
40. Bf3 Qd2 41. Kg2 c2 42. d4 cxd4 43. Rc8+ Kh7 44. Be4+ g6 45. Rxc2 Qa5 46.
Rc4 Qd2 47. Bf3 Rf5 48. Rc7+ Kh6 49. Bg4 Qa5 50. Rd7 Qxa4 51. Bxf5 gxf5 52.
Rd6+ Kg7 53. Rb1 Qe8 54. Rb7+ Kg8 55. Rxd4 Qc6+ 56. f3 Qxb7 57. g4 Qb2 58. Rd8+
Kf7 59. Rd7+ Ke6 60. Rd8 Qxe2+ 61. Kg3 f4+ 62. Kh4 Qxf3 0-1

[Event "XV C.to Europeo femminile"]
[Site "Plovdiv BUL"]
[Date "2014.07.17"]
[Round "11"]
[White "De Rosa, Mariagrazia"]
[Black "Galojan, Lilit"]
[WhiteElo "2081"]
[BlackElo "2277"]
[Result "0-1"]
[PlyCount "78"]
[EventDate "2014.07.06"]

1. e4 d6 2. d4 Nd7 3. Nf3 e5 4. c3 Ngf6 5. Bd3 g6 6. Bg5 h6 7. Bd2 Bg7 8. Qc1
d5 9. dxe5 Nxe4 10. O-O Ndc5 11. Bc2 Nxd2 12. Nbxd2 O-O 13. b4 Nd7 14. Re1 Re8
15. e6 Rxe6 16. Rxe6 fxe6 17. Bxg6 Qf6 18. Qc2 Qxc3 19. Rc1 Qxc2 20. Rxc2 c6
21. Nb3 Nf8 22. Be8 e5 23. Bh5 Bf5 24. Re2 Nd7 25. Na5 Rb8 26. h3 Bd3 27. Re3
e4 28. Nh4 Be5 29. Nf5 Bf4 30. Re1 Bd2 31. Rd1 Bxb4 32. Nb3 Bc2 33. Rc1 Bxb3
34. axb3 Kh7 35. f3 Nf6 36. Bf7 Rf8 37. Be6 exf3 38. gxf3 Nh5 39. Kf2 Nf4 0-1

[Event "XV C.to Europeo femminile"]
[Site "Plovdiv BUL"]
[Date "2014.07.17"]
[Round "11"]
[White "Petrenko, Svetlana"]
[Black "Brunello, Marina"]
[WhiteElo "2183"]
[BlackElo "2321"]
[Result "1/2-1/2"]
[PlyCount "124"]
[EventDate "2014.07.06"]

1. e4 c5 2. Nf3 d6 3. d4 cxd4 4. Nxd4 Nf6 5. Nc3 a6 6. Be2 e5 7. Nb3 Be7 8. O-O
O-O 9. Kh1 b5 10. f4 Bb7 11. Bf3 Nbd7 12. Qe1 Rc8 13. a3 Nb6 14. f5 Qc7 15. Qg3
Kh8 16. Na5 Ba8 17. Bd2 Na4 18. Nxa4 bxa4 19. c4 Nxe4 20. Bxe4 Bxe4 21. Rae1
Ba8 22. Bc3 Qb6 23. Rf4 Bf6 24. Rg4 Rc5 25. Qe3 Qd8 26. Qd2 e4 27. Bb4 Rxf5 28.
Qxd6 Qxd6 29. Bxd6 Re8 30. c5 e3 31. Kg1 e2 32. Rb4 h5 33. h4 Rd5 34. Kf2 Rd2
35. Nc4 Bd4+ 36. Kg3 Rd3+ 37. Kh2 Rd1 38. Bg3 Bxc5 39. Rxa4 Bb7 40. Ra5 Rd5 41.
b4 Bf8 42. Kg1 Rxa5 43. Nxa5 Bc8 44. Nc4 Be6 45. Rxe2 Rc8 46. Ne5 Kh7 47. Re3
Rc1+ 48. Kh2 Bd6 49. Nf3 Bxg3+ 50. Kxg3 Kg6 51. Re5 Rc3 52. Ra5 Bc4 53. Rc5 f6
54. a4 Kh6 55. b5 axb5 56. axb5 g5 57. Kf2 g4 58. b6 Rc2+ 59. Kg3 gxf3 60. gxf3
Kg6 61. b7 Rb2 62. Rxc4 Rxb7 1/2-1/2

[Event "XV C.to Europeo femminile"]
[Site "Plovdiv BUL"]
[Date "2014.07.17"]
[Round "11"]
[White "Zimina, Olga"]
[Black "Styazhkina, Anna"]
[WhiteElo "2351"]
[BlackElo "2220"]
[Result "1/2-1/2"]
[PlyCount "86"]
[EventDate "2014.07.06"]

1. Nf3 d5 2. c4 c6 3. g3 Nf6 4. Bg2 e6 5. O-O Bd6 6. d4 O-O 7. Nc3 Nbd7 8. Nd2
Bc7 9. e4 dxc4 10. Nxc4 e5 11. d5 Nb6 12. b3 Re8 13. Ba3 cxd5 14. exd5 e4 15.
d6 Nxc4 16. bxc4 Ba5 17. Qd4 Bxc3 18. Qxc3 b6 19. Qd4 Bb7 20. Bb2 Qd7 21. a4
Red8 22. Rfd1 Rac8 23. a5 Qe6 24. Rac1 Rc6 25. Ba3 Rdc8 26. c5 bxc5 27. Rxc5
Rxc5 28. Bxc5 Bd5 29. Bxa7 h6 30. Bb6 Bb3 31. Re1 Rc4 32. Qb2 Rc2 33. Qa3 Ra2
34. Qb4 Bd5 35. Qc5 Nd7 36. Qc8+ Kh7 37. Rd1 Bb3 38. Rc1 Bd5 39. Rd1 Qxd6 40.
Qc7 Qe6 41. Bd4 e3 42. Bxe3 Bxg2 43. Qxd7 Qxd7 1/2-1/2

[Event "VI Open Capo d'Orso"]
[Site "Portomannu - Palau ITA"]
[Date "2014.06.07"]
[Round "1"]
[White "Aghayev, Miragha"]
[Black "Ryzhkov, Vjacheslav"]
[WhiteElo "2370"]
[BlackElo "2162"]
[Result "1-0"]
[PlyCount "143"]
[EventDate "2014.06.07"]

1. e4 e6 2. d4 d5 3. Nd2 c5 4. Ngf3 cxd4 5. exd5 Qxd5 6. Bc4 Qd6 7. O-O Nf6 8.
Nb3 Nc6 9. Nbxd4 Nxd4 10. Nxd4 a6 11. c3 Qc7 12. Qe2 Bd6 13. h3 O-O 14. Bb3 e5
15. Nc2 Re8 16. Rd1 Be6 17. Bxe6 Rxe6 18. Ne3 e4 19. Nf5 Bh2+ 20. Kh1 Bf4 21.
Bxf4 Qxf4 22. Ne3 Qc7 23. Nd5 Nxd5 24. Rxd5 e3 25. fxe3 Rae8 26. Rad1 g6 27.
R1d3 f5 28. Qf2 Qe7 29. Rd7 Qg5 30. Rxb7 Rxe3 31. Rxe3 Rxe3 32. Rb8+ Kg7 33.
Rb7+ Kg8 34. Rb4 Qe7 35. Qf4 Re5 36. Kh2 a5 37. Rb8+ Kg7 38. Rb7 Qxb7 39. Qxe5+
Kh6 40. c4 Qb4 41. Qf4+ g5 42. Qd4 Qb8+ 43. Kh1 Kh5 44. c5 Qg3 45. Qc3 Qc7 46.
Qf3+ Kg6 47. c6 Qe5 48. Qc3 Qc7 49. Kg1 h5 50. Kf2 g4 51. h4 Qf4+ 52. Ke2 Qe4+
53. Kd1 Qxg2 54. c7 Qh1+ 55. Kd2 Qg2+ 56. Kc1 Qh1+ 57. Kc2 Qe4+ 58. Kb3 Qb7+
59. Ka4 Qc8 60. Kxa5 f4 61. Qc6+ Kg7 62. Qc3+ Kg6 63. Qd3+ Kg7 64. Qd4+ Kh7 65.
Qe4+ Kg7 66. Qxf4 Qe6 67. Qg5+ Kh7 68. Qxh5+ Kg7 69. a4 g3 70. Qg5+ Kh7 71.
Qxg3 Qd5+ 72. Kb4 1-0

[Event "VI Open Capo d'Orso"]
[Site "Portomannu - Palau ITA"]
[Date "2014.06.07"]
[Round "1"]
[White "Andreoni, Giuseppe"]
[Black "Schneider, Stefan"]
[WhiteElo "2143"]
[BlackElo "2362"]
[Result "1/2-1/2"]
[PlyCount "38"]
[EventDate "2014.06.07"]

1. e4 e6 2. d4 d5 3. Nc3 Bb4 4. e5 b6 5. Qg4 Bf8 6. Nh3 Ba6 7. Bxa6 Nxa6 8. O-O
Qd7 9. Nf4 c6 10. Qe2 Nc7 11. Be3 g6 12. Rad1 Bg7 13. f3 Qc8 14. Bf2 Qa6 15.
Nd3 Qc4 16. b3 Qa6 17. a4 Ne7 18. g4 h5 19. h3 Qc8 1/2-1/2

[Event "VI Open Capo d'Orso"]
[Site "Portomannu - Palau ITA"]
[Date "2014.06.07"]
[Round "1"]
[White "Beshukov, Sergei"]
[Black "Schaefer, Michael"]
[WhiteElo "2424"]
[BlackElo "2183"]
[Result "1/2-1/2"]
[PlyCount "81"]
[EventDate "2014.06.07"]

1. c4 e6 2. g3 Nf6 3. Bg2 d5 4. Nf3 Be7 5. O-O O-O 6. b3 c5 7. Bb2 Nc6 8. cxd5
Nxd5 9. Nc3 Nxc3 10. dxc3 Bd7 11. Qc2 Qc7 12. Rad1 Rad8 13. Bc1 h6 14. e4 Bf6
15. Rfe1 Bc8 16. Bf4 e5 17. Be3 b6 18. Nd2 Be6 19. Bf1 Na5 20. Bb5 Qc8 21. Rc1
c4 22. b4 Nb7 23. Qa4 Nd6 24. Bc6 Bd7 25. Bxd7 Qxd7 26. Qxd7 Rxd7 27. a4 Rc8
28. Rc2 Ne8 29. Kf1 Bg5 30. f4 exf4 31. gxf4 Bh4 32. Re2 Rd3 33. Nf3 Bf6 34. e5
Be7 35. Ne1 Nc7 36. Rc1 Rdd8 37. Nf3 Rd3 38. Ne1 Rd7 39. Nf3 Rd3 40. Ne1 Rd7
41. Nf3 1/2-1/2

[Event "VI Open Capo d'Orso"]
[Site "Portomannu - Palau ITA"]
[Date "2014.06.07"]
[Round "1"]
[White "Frigieri, Fabrizio"]
[Black "Shkapenko, Pavel"]
[WhiteElo "2162"]
[BlackElo "2412"]
[Result "1/2-1/2"]
[PlyCount "117"]
[EventDate "2014.06.07"]

1. e4 Nf6 2. e5 Nd5 3. c4 Nb6 4. d4 d6 5. Nf3 Bg4 6. exd6 exd6 7. Be2 Nc6 8.
O-O Be7 9. b3 O-O 10. Nc3 Bf6 11. Be3 d5 12. c5 Nc8 13. b4 N8e7 14. h3 Bxf3 15.
Bxf3 Nxb4 16. Rb1 Nbc6 17. Rxb7 Na5 18. Rb4 c6 19. Qd3 Ng6 20. Qa6 Nh4 21. Bg4
Qc7 22. Rfb1 Rfe8 23. Ra4 Bd8 24. Rxa5 Qxa5 25. Qxc6 Be7 26. Nxd5 Bf8 27. Nc7
Rab8 28. Rf1 Red8 29. d5 Ng6 30. d6 Qxa2 31. Bg5 Rb1 32. Rxb1 Qxb1+ 33. Kh2 Rb8
34. d7 Qd3 35. Qd5 Qxd5 36. Nxd5 f6 37. Be6+ Kh8 38. Be3 Ne5 39. Bd4 Nc6 40.
Be3 Rb5 41. Nc3 Rxc5 42. Bxc5 Bxc5 43. Bd5 Nd8 44. Ne4 Bb6 45. Kg1 f5 46. Nd6
g6 47. Nf7+ Nxf7 48. Bxf7 Kg7 49. Bb3 Kf6 50. Kf1 Ke7 51. Ba4 Kd6 52. Ke2 Kc5
53. Kd3 Kb4 54. Bc6 Kc5 55. Ba4 g5 56. Kc3 Kd5 57. f4 gxf4 58. Bd1 Ke6 59. Kb3
1/2-1/2

[Event "VI Open Capo d'Orso"]
[Site "Portomannu - Palau ITA"]
[Date "2014.06.07"]
[Round "1"]
[White "Lanzani, Mario"]
[Black "Brunello, Sabino"]
[WhiteElo "2295"]
[BlackElo "2589"]
[Result "0-1"]
[PlyCount "66"]
[EventDate "2014.06.07"]

1. c4 e5 2. Nc3 Nf6 3. e3 d6 4. d4 Nbd7 5. Nf3 g6 6. Be2 Bg7 7. O-O O-O 8. b4
exd4 9. exd4 Re8 10. Bf4 Nb6 11. Rc1 a5 12. a3 axb4 13. axb4 Bd7 14. b5 Ra3 15.
h3 Qa8 16. Re1 Be6 17. Nd2 Nfd7 18. Be3 c6 19. bxc6 bxc6 20. c5 Nc8 21. Ncb1
Rxe3 22. fxe3 dxc5 23. dxc5 Ne7 24. Bc4 Nxc5 25. Bxe6 Nxe6 26. Qf3 Nd5 27. Ne4
Rd8 28. h4 Qb7 29. Na3 Qe7 30. Nb1 Nb4 31. Red1 Nd3 32. Rxc6 Ne5 33. Rxd8+ Qxd8
0-1

[Event "VI Open Capo d'Orso"]
[Site "Portomannu - Palau ITA"]
[Date "2014.06.07"]
[Round "1"]
[White "Marin, Mihail"]
[Black "Teh, Eu Wen Aron"]
[WhiteElo "2578"]
[BlackElo "2228"]
[Result "1-0"]
[PlyCount "61"]
[EventDate "2014.06.07"]

1. Nf3 Nf6 2. g3 e6 3. Bg2 d5 4. O-O Be7 5. c4 O-O 6. b3 c6 7. Bb2 b6 8. d4 Bb7
9. Nc3 Nbd7 10. Qc2 Qc7 11. Rad1 Rfd8 12. Rfe1 Rac8 13. e4 dxe4 14. Ng5 Qb8 15.
Ngxe4 Nxe4 16. Nxe4 Nf6 17. c5 Nd5 18. Bc1 Rd7 19. h4 Qc7 20. Ng5 Bxg5 21. hxg5
Re8 22. Be4 g6 23. Kg2 Qd8 24. Rh1 f5 25. gxf6 Qxf6 26. Rh4 Rf7 27. Bh6 e5 28.
Rg4 Bc8 29. Rg5 exd4 30. Bxg6 Qf3+ 31. Kg1 1-0

[Event "VI Open Capo d'Orso"]
[Site "Portomannu - Palau ITA"]
[Date "2014.06.07"]
[Round "1"]
[White "Neuschmied, Siegfried"]
[Black "Schandorff, Lars"]
[WhiteElo "2215"]
[BlackElo "2524"]
[Result "1/2-1/2"]
[PlyCount "84"]
[EventDate "2014.06.07"]

1. e4 c6 2. d4 d5 3. Nc3 dxe4 4. Nxe4 Bf5 5. Ng3 Bg6 6. Nf3 Nd7 7. Bd3 e6 8.
O-O Ngf6 9. Qe2 Bxd3 10. Qxd3 Be7 11. b3 O-O 12. Bb2 a5 13. a3 b5 14. Rfe1 Rb8
15. Qd2 Qc7 16. Rad1 Rfd8 17. Qc1 Nb6 18. Re2 a4 19. Rde1 Nfd7 20. c4 axb3 21.
c5 Nd5 22. Qd1 b4 23. Qxb3 bxa3 24. Qxa3 Ra8 25. Qb3 Rdb8 26. Qd1 Rb5 27. Rc2
Qb8 28. Bc1 Ra1 29. Qe2 Rb3 30. Bd2 Ra4 31. Ne4 Qb5 32. Qxb5 Rxb5 33. Nc3 Nxc3
34. Rxc3 Bf6 35. Be3 Bd8 36. Rcc1 Bc7 37. g3 Kf8 38. Ra1 Rxa1 39. Rxa1 Ra5 40.
Rb1 Rb5 41. Ra1 Ra5 42. Rb1 Rb5 1/2-1/2

[Event "VI Open Capo d'Orso"]
[Site "Portomannu - Palau ITA"]
[Date "2014.06.07"]
[Round "1"]
[White "Ni, Hua"]
[Black "Hiermann, Dietmar"]
[WhiteElo "2653"]
[BlackElo "2304"]
[Result "1-0"]
[PlyCount "83"]
[EventDate "2014.06.07"]

1. c4 Nf6 2. Nc3 d5 3. cxd5 Nxd5 4. Nf3 g6 5. Qa4+ c6 6. Nxd5 Qxd5 7. e4 Qd6 8.
d4 Bg7 9. Be2 O-O 10. Be3 Nd7 11. Rd1 Nb6 12. Qc2 Bg4 13. O-O Rfd8 14. b3 Rac8
15. h3 Bxf3 16. Bxf3 Qb4 17. Rd3 e6 18. Rfd1 Rd7 19. Qc1 Qe7 20. Qc5 Rcd8 21.
Qa5 Nc8 22. d5 b6 23. Qa6 cxd5 24. exd5 e5 25. Rc3 Nd6 26. Bg4 f5 27. Be2 Qh4
28. Rc6 f4 29. Bd2 e4 30. Bg4 h5 31. Bxd7 Rxd7 32. Bb4 e3 33. Qe2 Nf5 34. Be1
Qg5 35. d6 Kh7 36. Rc7 Rxd6 37. Rxd6 Nxd6 38. Bc3 Ne8 39. Rxa7 exf2+ 40. Qxf2
Nf6 41. Rxg7+ Kxg7 42. Qxb6 1-0

[Event "VI Open Capo d'Orso"]
[Site "Portomannu - Palau ITA"]
[Date "2014.06.07"]
[Round "1"]
[White "Rombaldoni, Axel"]
[Black "Sahl, Sheila Barth"]
[WhiteElo "2501"]
[BlackElo "2190"]
[Result "1-0"]
[PlyCount "45"]
[EventDate "2014.06.07"]

1. d4 d5 2. c4 c6 3. Nf3 Nf6 4. Nc3 dxc4 5. a4 Bf5 6. e3 e6 7. Bxc4 Bb4 8. O-O
O-O 9. Qe2 Bg6 10. Ne5 Nbd7 11. Nxg6 hxg6 12. Rd1 Nb6 13. Bb3 Nbd5 14. Na2 Be7
15. e4 Nb4 16. Nxb4 Bxb4 17. h4 c5 18. dxc5 Qc7 19. e5 Nd7 20. Qb5 Bxc5 21.
Rxd7 Qxe5 22. Be3 Qxb2 23. Ra2 1-0

[Event "VI Open Capo d'Orso"]
[Site "Portomannu - Palau ITA"]
[Date "2014.06.07"]
[Round "1"]
[White "Sprotte, Norbert"]
[Black "Thorhallsson, Throstur"]
[WhiteElo "2190"]
[BlackElo "2425"]
[Result "0-1"]
[PlyCount "56"]
[EventDate "2014.06.07"]

1. d4 d5 2. Nf3 Nf6 3. e3 c6 4. Bd3 Bg4 5. b3 Nbd7 6. Bb2 e6 7. Nbd2 Bd6 8. c4
O-O 9. Qc2 Qb8 10. h3 Bh5 11. O-O Re8 12. Ng5 h6 13. Ngf3 e5 14. dxe5 Nxe5 15.
Nxe5 Bxe5 16. Bxe5 Rxe5 17. Rae1 Qe8 18. cxd5 Nxd5 19. Nc4 Re6 20. Qc1 Rd8 21.
Be2 Bxe2 22. Rxe2 b5 23. Na5 Nf4 24. Rc2 Nd3 25. Qa3 Rd5 26. b4 Rg6 27. g3 Qd7
28. Kh2 Rh5 0-1

[Event "VI Open Capo d'Orso"]
[Site "Portomannu - Palau ITA"]
[Date "2014.06.07"]
[Round "1"]
[White "Tischbierek, Raj"]
[Black "Vallifuoco, Giovanni"]
[WhiteElo "2414"]
[BlackElo "2166"]
[Result "1-0"]
[PlyCount "73"]
[EventDate "2014.06.07"]

1. e4 c5 2. Nc3 Nc6 3. Bb5 g6 4. Bxc6 dxc6 5. d3 Bg7 6. Be3 b6 7. Qd2 h6 8. f4
Nf6 9. h3 Qc7 10. Nf3 Be6 11. O-O Rd8 12. Rae1 Bc8 13. b3 O-O 14. f5 g5 15. h4
Ng4 16. hxg5 Nxe3 17. Rxe3 hxg5 18. Nxg5 Rd6 19. Ne2 Rh6 20. Rh3 Rxh3 21. Nxh3
Qd6 22. Rf3 Qh6 23. Qe1 Be5 24. Nhf4 Rd8 25. Qg3+ Qg7 26. Qh4 Bf6 27. Qf2 Bd4
28. Nxd4 Qxd4 29. Re3 Qa1+ 30. Kh2 Rd6 31. Rh3 Qf6 32. Qg3+ Qg7 33. Qh4 Kf8 34.
Qh8+ Qg8 35. Qe5 f6 36. Ng6+ Qxg6 37. Rh8+ 1-0

[Event "VI Open Capo d'Orso"]
[Site "Portomannu - Palau ITA"]
[Date "2014.06.07"]
[Round "1"]
[White "Tommasini, Enzo"]
[Black "Caprio, Guido"]
[WhiteElo "2169"]
[BlackElo "2424"]
[Result "0-1"]
[PlyCount "74"]
[EventDate "2014.06.07"]

1. d4 Nf6 2. c4 e6 3. Nf3 b6 4. g3 Bb7 5. Bg2 Be7 6. O-O O-O 7. Qc2 c5 8. dxc5
bxc5 9. Nc3 d6 10. Rd1 Nc6 11. Bf4 Qb6 12. a3 Rad8 13. Nb5 Nd4 14. Nbxd4 cxd4
15. b4 e5 16. Bg5 Qc7 17. Ne1 Bxg2 18. Nxg2 Rc8 19. Rac1 Nd5 20. cxd5 Qxc2 21.
Rxc2 Bxg5 22. Rc6 Rxc6 23. dxc6 Rc8 24. b5 Kf8 25. f4 Bd8 26. e4 Ke7 27. Ne1
Ba5 28. Nd3 f6 29. Kf2 g6 30. Ke2 f5 31. Kf3 d5 32. Nxe5 fxe4+ 33. Kg4 d3 34.
Nd7 h5+ 35. Kg5 d2 36. f5 e3 37. f6+ Kd6 0-1

[Event "VI Open Capo d'Orso"]
[Site "Portomannu - Palau ITA"]
[Date "2014.06.07"]
[Round "2"]
[White "Aghayev, Miragha"]
[Black "Rombaldoni, Axel"]
[WhiteElo "2370"]
[BlackElo "2501"]
[Result "1/2-1/2"]
[PlyCount "85"]
[EventDate "2014.06.07"]

1. e4 e6 2. d4 d5 3. Nd2 Be7 4. Ngf3 Nf6 5. Bd3 c5 6. exd5 exd5 7. dxc5 Bxc5 8.
Nb3 Bd6 9. Qe2+ Be7 10. O-O O-O 11. Re1 Nc6 12. h3 Bd6 13. Bg5 h6 14. Bxf6 Qxf6
15. c3 Bd7 16. Bc2 Rad8 17. Rad1 Rfe8 18. Qd3 Rxe1+ 19. Rxe1 g6 20. Nbd4 Bb8
21. Bd1 Kg7 22. Nxc6 bxc6 23. Qd4 Be6 24. Be2 Bd6 25. Qxa7 c5 26. Qa4 Bf5 27.
Qd1 Bc7 28. Bd3 Be4 29. Qe2 Re8 30. Bxe4 dxe4 31. Nd2 Qd6 32. Nf1 Qe6 33. Qb5
Bd6 34. b3 f5 35. Rd1 Re7 36. Ne3 f4 37. Nc4 e3 38. f3 Qd5 39. Nxe3 Qe5 40. Ng4
Qxc3 41. Rxd6 Qa1+ 42. Kh2 Qe1 43. Rd7 1/2-1/2

[Event "VI Open Capo d'Orso"]
[Site "Portomannu - Palau ITA"]
[Date "2014.06.07"]
[Round "2"]
[White "Brunello, Sabino"]
[Black "Tischbierek, Raj"]
[WhiteElo "2589"]
[BlackElo "2414"]
[Result "1-0"]
[PlyCount "101"]
[EventDate "2014.06.07"]

1. d4 Nf6 2. c4 e6 3. Nc3 Bb4 4. e3 O-O 5. Nge2 d5 6. a3 Be7 7. cxd5 exd5 8.
Nf4 c6 9. Bd3 Re8 10. O-O Nbd7 11. f3 Nf8 12. Bc2 Ng6 13. Nxg6 hxg6 14. e4 dxe4
15. fxe4 Be6 16. Qd3 Qa5 17. Bf4 Rad8 18. Kh1 b5 19. Rfd1 Qb6 20. h3 a5 21. Bh2
Bf8 22. Bg1 Qb8 23. Qf3 a4 24. Ne2 Bc4 25. Nf4 c5 26. e5 Nd5 27. Nxg6 fxg6 28.
Bxg6 Ne7 29. Bxe8 Rxe8 30. Bh2 Bd5 31. Qf2 c4 32. e6 Qa8 33. Re1 Ng6 34. Qf7+
Kh7 35. Re2 Qc6 36. Rae1 Be7 37. Qf5 Kh6 38. Bf4+ Nxf4 39. Qxf4+ Bg5 40. Qg4
Bf6 41. Re3 Kh7 42. Qh5+ Kg8 43. Qf7+ Kh7 44. Re5 Bxg2+ 45. Kh2 Bf3 46. Rg1 Kh8
47. Rgg5 Bxg5 48. Rxg5 Qd6+ 49. Rg3 Qxd4 50. Qxe8+ Kh7 51. Qg6+ 1-0

[Event "VI Open Capo d'Orso"]
[Site "Portomannu - Palau ITA"]
[Date "2014.06.07"]
[Round "2"]
[White "Caprio, Guido"]
[Black "Marin, Mihail"]
[WhiteElo "2424"]
[BlackElo "2578"]
[Result "0-1"]
[PlyCount "108"]
[EventDate "2014.06.07"]

1. d4 Nf6 2. c4 g6 3. Nc3 Bg7 4. e4 d6 5. Nf3 O-O 6. Be2 e5 7. O-O exd4 8. Nxd4
c6 9. Kh1 Nbd7 10. Be3 Nc5 11. f3 a5 12. Qd2 a4 13. Rad1 Nfd7 14. Bg5 Qc7 15.
Bh6 Re8 16. Bxg7 Kxg7 17. Nc2 Re6 18. Nd4 Re8 19. Nc2 Re6 20. Ne3 f6 21. Rfe1
Ne5 22. f4 Nf7 23. Bf3 Bd7 24. Qd4 Rae8 25. f5 R6e7 26. Ned5 cxd5 27. Nxd5 Qd8
28. Qxf6+ Kf8 29. fxg6 hxg6 30. Nxe7 Qxe7 31. Qxg6 Qe6 32. Bh5 Qxg6 33. Bxg6
Re6 34. Bf5 Re7 35. Bxd7 Nxd7 36. Rd4 Nc5 37. h4 Re6 38. g3 Ne5 39. Kg2 Ke7 40.
Re3 Ng4 41. Re2 Rg6 42. Kh3 Ne5 43. Rf2 Ng4 44. Rf5 Ne3 45. Rf3 Ne6 46. Rxd6
Kxd6 47. Rxe3 Ke5 48. h5 Rg8 49. Kh4 Ng5 50. Rd3 Kxe4 51. Rd7 Nf3+ 52. Kh3 Ne5
53. Rxb7 Kf3 54. h6 Rxg3+ 0-1

[Event "VI Open Capo d'Orso"]
[Site "Portomannu - Palau ITA"]
[Date "2014.06.07"]
[Round "2"]
[White "Hiermann, Dietmar"]
[Black "Danieli, Enrico"]
[WhiteElo "2304"]
[BlackElo "2044"]
[Result "1/2-1/2"]
[PlyCount "39"]
[EventDate "2014.06.07"]

1. e4 d6 2. d4 Nf6 3. Nc3 e5 4. Nf3 Nbd7 5. Bc4 Be7 6. O-O O-O 7. Re1 c6 8. a4
a5 9. b3 exd4 10. Qxd4 Qc7 11. h3 Ne5 12. Be2 Nfd7 13. Nh2 Bf6 14. Qe3 Nc5 15.
Bb2 Ne6 16. Rad1 Bg5 17. Qg3 Bf4 18. Qh4 Bg5 19. Qg3 Bf4 20. Qh4 1/2-1/2

[Event "VI Open Capo d'Orso"]
[Site "Portomannu - Palau ITA"]
[Date "2014.06.07"]
[Round "2"]
[White "Schaefer, Michael"]
[Black "Neuschmied, Siegfried"]
[WhiteElo "2183"]
[BlackElo "2215"]
[Result "0-1"]
[PlyCount "60"]
[EventDate "2014.06.07"]

1. d4 g6 2. e4 d6 3. Nc3 Nf6 4. Nf3 Bg7 5. h3 O-O 6. Be3 b6 7. Be2 Bb7 8. Nd2
e5 9. dxe5 dxe5 10. O-O Nbd7 11. Bc4 Nh5 12. g3 c6 13. Re1 Qe7 14. a4 Rfd8 15.
Qb1 Nf8 16. b4 Ne6 17. b5 Nhf4 18. Kh2 Rxd2 19. Bxd2 Qc5 20. Nd1 Qxc4 21. gxf4
exf4 22. Ra3 Rd8 23. Rd3 Rxd3 24. cxd3 Qxa4 25. bxc6 Qxc6 26. f3 Qd7 27. Kg2
Qd8 28. Rg1 Bd4 29. Nf2 Qh4 30. Be1 Qg3+ 0-1

[Event "VI Open Capo d'Orso"]
[Site "Portomannu - Palau ITA"]
[Date "2014.06.07"]
[Round "2"]
[White "Schandorff, Lars"]
[Black "Friedrich, Norbert"]
[WhiteElo "2524"]
[BlackElo "2319"]
[Result "1-0"]
[PlyCount "53"]
[EventDate "2014.06.07"]

1. d4 d5 2. c4 c6 3. Nf3 Nf6 4. Nc3 e6 5. e3 Nbd7 6. Qc2 b6 7. Bd3 Bb7 8. b3
Be7 9. Bb2 O-O 10. O-O h6 11. Rac1 Rc8 12. Qe2 Qc7 13. cxd5 exd5 14. Rfd1 Rfe8
15. Bf5 Rcd8 16. Ne5 Qb8 17. f4 Bb4 18. Qf3 Bxc3 19. Bxc3 Nxe5 20. dxe5 Ne4 21.
Bxe4 dxe4 22. Qg4 Rxd1+ 23. Rxd1 Rd8 24. Rd6 Kh7 25. Rd7 Rxd7 26. Qxd7 Qc8 27.
e6 1-0

[Event "VI Open Capo d'Orso"]
[Site "Portomannu - Palau ITA"]
[Date "2014.06.07"]
[Round "2"]
[White "Schneider, Stefan"]
[Black "Beshukov, Sergei"]
[WhiteElo "2362"]
[BlackElo "2424"]
[Result "1/2-1/2"]
[PlyCount "122"]
[EventDate "2014.06.07"]

1. d4 d5 2. c4 c6 3. Nf3 Nf6 4. e3 Bg4 5. Nc3 e6 6. h3 Bh5 7. Qb3 Qc7 8. Nh4
Nbd7 9. g4 Bg6 10. Nxg6 hxg6 11. g5 dxc4 12. Bxc4 Nd5 13. Bd2 Be7 14. f4 N7b6
15. Be2 Bxg5 16. fxg5 Qg3+ 17. Kd1 Nxe3+ 18. Kc1 Qg2 19. Re1 Nf5 20. Bf1 Qg3
21. Ne2 Qf2 22. Nc3 Rh4 23. d5 cxd5 24. a4 Nd4 25. Qd1 Nc4 26. Bxc4 dxc4 27.
Kb1 Nb3 28. Re2 Qf5+ 29. Ka2 Nxa1 30. Be1 Rxh3 31. Nb5 Qd3 32. Rd2 Qb3+ 33.
Kxa1 Qxd1+ 34. Rxd1 Kf8 35. Bb4+ Kg8 36. Rd7 Rb3 37. Bc3 b6 38. Nd6 Rf8 39. Ka2
f6 40. gxf6 gxf6 41. Nxc4 Rxc3 42. bxc3 Rf7 43. Rd8+ Kh7 44. Nd6 Re7 45. a5 g5
46. axb6 axb6 47. Ne4 Kg6 48. Rg8+ Kf5 49. Ng3+ Ke5 50. Kb3 Rh7 51. Ne2 Ke4 52.
c4 Rh3+ 53. Kb4 Re3 54. Nc3+ Kf4 55. Na4 g4 56. Nxb6 Re1 57. c5 Rb1+ 58. Kc3
Rc1+ 59. Kb4 Rb1+ 60. Kc3 Rc1+ 61. Kb4 Rb1+ 1/2-1/2

[Event "VI Open Capo d'Orso"]
[Site "Portomannu - Palau ITA"]
[Date "2014.06.07"]
[Round "2"]
[White "Shkapenko, Pavel"]
[Black "Andreoni, Giuseppe"]
[WhiteElo "2412"]
[BlackElo "2143"]
[Result "1-0"]
[PlyCount "95"]
[EventDate "2014.06.07"]

1. e4 c5 2. c3 d5 3. exd5 Qxd5 4. d4 Nf6 5. Nf3 e6 6. Be2 Be7 7. O-O O-O 8. Be3
Rd8 9. dxc5 Qxd1 10. Rxd1 Nd5 11. Bc1 Nd7 12. c4 Nc7 13. Be3 Na6 14. Nc3 Ndxc5
15. Rxd8+ Bxd8 16. b4 Nd7 17. a3 Bf6 18. Bd4 Nc7 19. Bxf6 gxf6 20. Ne4 Kf8 21.
Rd1 a5 22. Nd4 axb4 23. axb4 Ke7 24. f4 Ra4 25. Nd6 Nb6 26. c5 Ncd5 27. N4b5
Nxf4 28. Bf1 Bd7 29. cxb6 Rxb4 30. Na7 Nd5 31. Nxb7 Rxb6 32. Nc5 Rb2 33. Nxd7
Kxd7 34. Bc4 Kd6 35. Nb5+ Ke5 36. Bxd5 exd5 37. Re1+ Kf4 38. Nc3 Rd2 39. Rd1
Rxd1+ 40. Nxd1 h5 41. Kf2 Ke4 42. Ke2 f5 43. Nf2+ Kf4 44. Kd3 f6 45. Kd4 h4 46.
Nh3+ Kg4 47. Kxd5 f4 48. Ke4 1-0

[Event "VI Open Capo d'Orso"]
[Site "Portomannu - Palau ITA"]
[Date "2014.06.07"]
[Round "2"]
[White "Sonis, Francesco"]
[Black "Lanzani, Mario"]
[WhiteElo "2023"]
[BlackElo "2295"]
[Result "0-1"]
[PlyCount "88"]
[EventDate "2014.06.07"]

1. e4 c5 2. c3 g6 3. d4 cxd4 4. cxd4 d5 5. e5 Nc6 6. Nc3 h5 7. Nf3 Bg4 8. Be2
Bxf3 9. Bxf3 e6 10. O-O Nh6 11. Bxh6 Bxh6 12. Qd3 O-O 13. Rfd1 a6 14. Na4 Qc7
15. Nc5 Nxe5 16. dxe5 Qxc5 17. g4 hxg4 18. Bxg4 Kg7 19. a4 Qb4 20. Qd4 Qxd4 21.
Rxd4 Rfc8 22. Rb4 Rc7 23. Ra3 a5 24. Rd4 Rac8 25. Rb3 Rc4 26. Rxc4 Rxc4 27. h3
Rb4 28. Rxb4 axb4 29. Kg2 Bf4 30. b3 Bxe5 31. Be2 b6 32. Kf3 g5 33. Ke3 Bd6 34.
Bf3 Bc5+ 35. Ke2 f5 36. Bh5 Kf6 37. Be8 e5 38. Bc6 Ke6 39. Bb7 e4 40. f3 Ke5
41. Bc6 d4 42. fxe4 fxe4 43. Bb5 d3+ 44. Kd2 Kd4 0-1

[Event "VI Open Capo d'Orso"]
[Site "Portomannu - Palau ITA"]
[Date "2014.06.07"]
[Round "2"]
[White "Teh, Eu Wen Aron"]
[Black "Grinblat, Artemiy"]
[WhiteElo "2228"]
[BlackElo "2036"]
[Result "1-0"]
[PlyCount "73"]
[EventDate "2014.06.07"]

1. d4 e6 2. c4 Nf6 3. Nc3 c5 4. d5 exd5 5. cxd5 d6 6. Nf3 g6 7. g3 Bg7 8. Bg2
O-O 9. O-O Re8 10. Re1 Nbd7 11. Nd2 a6 12. a4 Rb8 13. Nc4 Nb6 14. Na3 Qc7 15.
Bd2 Ng4 16. a5 Nd7 17. h3 Ngf6 18. Nc4 b5 19. axb6 Nxb6 20. Na5 Bd7 21. Qc2 Bb5
22. e4 Nfd7 23. f4 g5 24. Nxb5 axb5 25. Nc6 Rb7 26. Bc3 Bxc3 27. bxc3 Nc4 28.
Qe2 Nf6 29. Qf2 Nd7 30. Qf3 Kh8 31. Qh5 gxf4 32. gxf4 Nf8 33. Qf5 Qd7 34. Qf6+
Kg8 35. Kh2 Ng6 36. Rg1 Nd2 37. Rae1 1-0